| 000 | 00783cab a2200241 4500 | ||
|---|---|---|---|
| 001 | WB3303-23 | ||
| 008 | 090401t1997 xxu||||| |||| 00| 0 eng d | ||
| 035 | _a(Sirsi) u26502 | ||
| 041 | _aeng | ||
| 245 | _aInternet marketplace | ||
| 260 | _c1997 | ||
| 350 | _a0 | ||
| 490 |
_aFinancial Times _v16 January 1997, 28(1) |
||
| 520 | _aThe DTI is backing the formation of a `virtual business park` on the Internet. The project is expected to develop into the UK`s first electronic marketplace for businesses. | ||
| 650 | _aDEPARTMENT OF TRADE AND INDUSTRY | ||
| 650 | _aDTI | ||
| 650 | _aINTERNET | ||
| 650 | _aVIRTUAL BUSINESS PARKS | ||
| 650 | _aVIRTUAL SHOPPING | ||
| 690 | _aMANAGEMENT-BUSINESS MANAGEMENT-INFORMATION MANAGEMENT | ||
| 942 | _n0 | ||
| 948 | _c04/03/1997 | ||
| 999 |
_c17813 _d17813 |
||